Indian infrastructure report 2008 : (Record no. 42192)

MARC details
000 -LEADER
fixed length control field 00835nam a22002177a 4500
005 - DATE AND TIME OF LATEST TRANSACTION
control field 2010081607207.0
010 ## - LCCN (DPL NO)
LC control number ENG-100641
020 ## - INTERNATIONAL STANDARD BOOK NUMBER
International Standard Book Number 9780195692532
Terms of availability 495.00
035 ## - SYSTEM CONTROL NUMBER
System control number EN-84174
037 ## - SOURCE OF ACQUISITION
Source of stock number/acquisition DBAD/PUB
082 ## - DEWEY DECIMAL CLASSIFICATION NUMBER
Classification number 380.954
245 ## - TITLE STATEMENT
Title Indian infrastructure report 2008 :
Remainder of title business models of the future /
260 ## - PUBLICATION, DISTRIBUTION, ETC. (IMPRINT)
Place of publication, distribution, etc New Delhi
Name of publisher, distributor, etc Oxford University Press
Date of publication, distribution, etc 2008
270 ## - ADDRESS
Address YMCA Library Building, Jai Singh Road
City New Delhi
Postal code 110001
300 ## - PHYSICAL DESCRIPTION
Extent 227p.
Dimensions 28cm (pbk)
500 ## - GENERAL NOTE
General note Includes bibliographical references
650 ## - SUBJECT ADDED ENTRY--TOPICAL TERM
Topical term or geographic name as entry element Infrastructure (Economics)
650 ## - SUBJECT ADDED ENTRY--TOPICAL TERM
Topical term or geographic name as entry element Public-private sector cooperation
942 ## - ADDED ENTRY ELEMENTS (KOHA)
Source of classification or shelving scheme Dewey Decimal Classification
Item type English Books
Classification part 380.954
Call number suffix IND
Holdings
Withdrawn status Lost status Not for loan Collection code Home library Current library Date acquired Source of acquisition Cost, normal purchase price Full call number Barcode Copy number Cost, replacement price Koha item type
    Not For Loan Non-fiction D.B.Act.Division D.B.Act.Division 16/08/2010 DBAD/PUB 495.00 380.954 IND EN-84174 1 495.00 English Books

© Delhi Public Library
Hit Counter
free hit counter